000
00249nam a2200109Ia 4500
008
190216s9999||||xx |||||||||||||| ||und||
100
_a
Verma P S
245
0
_a
Fundamentals Of Zoology
260
_b
S Chand & Co
650
_a
References
942
_c
BK
999
_c
37407
_d
37407